Boroughs of London Map Quiz - Statistics

General Stats
  • This quiz has been taken 3,378 times
  • The average score is 17 of 32
Answers on the Map
Answers color-coded by a green-red scale on the quiz's map according to % correct below.
 
Answer Stats
Answer % Correct
Croydon
67%
Kensington and
Chelsea
65%
Greenwich
64%
Westminster
64%
Camden
62%
Hammersmith and
Fulham
62%
Bromley
57%
Southwark
57%
Barking and
Dagenham
56%
Enfield
54%
Richmond upon
Thames
54%
Tower Hamlets
54%
Islington
53%
Kingston upon
Thames
52%
Lambeth
52%
Hackney
51%
Barnet
50%
Brent
50%
Ealing
50%
Lewisham
50%
Bexley
49%
Harrow
47%
Hounslow
47%
Sutton
47%
Hillingdon
46%
Wandsworth
46%
Merton
44%
Newham
44%
Haringey
43%
Waltham Forest
43%
Redbridge
37%
Havering
36%
No matching quizzes found
Score Distribution
Percent of People with Each Score
Percentile by Number Answered
Your Score History
You have not taken this quiz